[Event "Irena Warakomska Memorial B"]
[Site "chessmanager.com"]
[Date "2018.08.05"]
[Round "6"]
[White "Blasiak, Miroslaw"]
[Black "Sapeta, Robert"]
[Result "0-1"]
[Board "22"]
[WhiteElo "1683"]
[WhiteCountry "POL"]
[WhiteFideId "1109324"]
[WhiteEloChange "-3"]
[BlackElo "1960"]
[BlackCountry "POL"]
[BlackFideId "1118676"]
[BlackEloChange "3"]

1. e4 {[%clk 1:30:30]} g6 {[%clk 1:30:30]} 2. d4 {[%clk 1:30:30]} Bg7 {[%clk
1:30:30]} 3. Nc3 {[%clk 1:30:30]} d6 {[%clk 1:30:30]} 4. f4 {[%clk 1:30:30]} Nf6
{[%clk 1:30:30]} 5. Nf3 {[%clk 1:30:30]} O-O {[%clk 1:30:30]} 6. Bd3 {[%clk
1:30:30]} Nbd7 {[%clk 1:30:30]} 7. e5 {[%clk 1:30:30]} Ne8 {[%clk 1:30:30]} 8. h4
{[%clk 1:30:30]} c5 {[%clk 1:30:30]} 9. Be3 {[%clk 1:30:30]} cxd4 {[%clk
1:30:30]} 10. Bxd4 {[%clk 1:30:30]} Nc7 {[%clk 1:30:30]} 11. Qd2 {[%clk 1:30:30]}
Ne6 {[%clk 1:30:30]} 12. Be3 {[%clk 1:30:30]} dxe5 {[%clk 1:30:30]} 13. f5 {[%clk
1:30:30]} Nf4 {[%clk 1:30:30]} 14. fxg6 {[%clk 1:30:30]} hxg6 {[%clk 1:30:30]}
15. O-O-O {[%clk 1:30:30]} Qa5 {[%clk 1:30:30]} 16. Kb1 {[%clk 1:30:30]} Nf6
{[%clk 1:30:30]} 17. Bc4 {[%clk 1:30:30]} Be6 {[%clk 1:30:30]} 18. Bxe6 {[%clk
1:30:30]} Nxe6 {[%clk 1:30:30]} 19. Ng5 {[%clk 1:30:30]} Rad8 {[%clk 1:30:30]}
20. Qe2 {[%clk 1:30:30]} Nd4 {[%clk 1:30:30]} 21. Qe1 {[%clk 1:30:30]} Nf5 {[%clk
1:30:30]} 22. Bd2 {[%clk 1:30:30]} Qa6 {[%clk 1:30:30]} 23. Nf3 {[%clk 1:30:30]}
e4 {[%clk 1:30:30]} 24. Ng5 {[%clk 1:30:30]} e3 {[%clk 1:30:30]} 25. Bxe3 {[%clk
1:30:30]} Rxd1+ {[%clk 1:30:30]} 26. Nxd1 {[%clk 1:30:30]} Rd8 {[%clk 1:30:30]}
27. Nc3 {[%clk 1:30:30]} Qd6 {[%clk 1:30:30]} 28. Nf3 {[%clk 1:30:30]} a6 {[%clk
1:30:30]} 29. a3 {[%clk 1:30:30]} b5 {[%clk 1:30:30]} 30. Bg5 {[%clk 1:30:30]}
Ng4 {[%clk 1:30:30]} 31. Ne4 {[%clk 1:30:30]} Qd5 {[%clk 1:30:30]} 32. Bd2 {[%clk
1:30:30]} Nd4 {[%clk 1:30:30]} 33. Nxd4 {[%clk 1:30:30]} Bxd4 {[%clk 1:30:30]}
34. Ba5 {[%clk 1:30:30]} Rd7 {[%clk 1:30:30]} 35. Qe2 {[%clk 1:30:30]} Qe6 {[%clk
1:30:30]} 36. Qf3 {[%clk 1:30:30]} Ne5 {[%clk 1:30:30]} 37. Qh3 {[%clk 1:30:30]}
Qxh3 {[%clk 1:30:30]} 38. Rxh3 {[%clk 1:30:30]} Nc4 {[%clk 1:30:30]} 39. Bc3
{[%clk 1:30:30]} Bxc3 {[%clk 1:30:30]} 40. Nxc3 {[%clk 1:30:30]} Rd4 {[%clk
1:30:30]} 41. h5 {[%clk 1:30:30]} g5 {[%clk 1:30:30]} 42. Rd3 {[%clk 1:30:30]}
Rxd3 {[%clk 1:30:30]} 43. cxd3 {[%clk 1:30:30]} Ne3 {[%clk 1:30:30]} 44. g3
{[%clk 1:30:30]} Kg7 {[%clk 1:30:30]} 45. b4 {[%clk 1:30:30]} f5 {[%clk 1:30:30]}
46. Kb2 {[%clk 1:30:30]} Kh6 {[%clk 1:30:30]} 47. a4 {[%clk 1:30:30]} bxa4 {[%clk
1:30:30]} 48. Nxa4 {[%clk 1:30:30]} Kxh5 {[%clk 1:30:30]} 49. Nc5 {[%clk
1:30:30]} Kg4 {[%clk 1:30:30]} 50. Nxa6 {[%clk 1:30:30]} Nd5 {[%clk 1:30:30]} 51.
b5 {[%clk 1:30:30]} Kxg3 {[%clk 1:30:30]} 52. Nc5 {[%clk 1:30:30]} Kf2 {[%clk
1:30:30]} 53. Ne6 {[%clk 1:30:30]} g4 {[%clk 1:30:30]} 0-1

[Event "Irena Warakomska Memorial B"]
[Site "chessmanager.com"]
[Date "2018.08.05"]
[Round "6"]
[White "Cap, Piotr"]
[Black "Kwiecinski, Rafal"]
[Result "1/2-1/2"]
[Board "23"]
[WhiteElo "1934"]
[WhiteCountry "POL"]
[WhiteFideId "21880530"]
[WhiteEloChange "-8"]
[BlackElo "1459"]
[BlackCountry "POL"]
[BlackFideId "21008868"]
[BlackEloChange "8"]

1. d4 {[%clk 1:30:30]} f5 {[%clk 1:30:30]} 2. Nf3 {[%clk 1:30:30]} Nf6 {[%clk
1:30:30]} 3. g3 {[%clk 1:30:30]} d5 {[%clk 1:30:30]} 4. Bg2 {[%clk 1:30:30]} e6
{[%clk 1:30:30]} 5. O-O {[%clk 1:30:30]} Be7 {[%clk 1:30:30]} 6. c4 {[%clk
1:30:30]} c6 {[%clk 1:30:30]} 7. Nc3 {[%clk 1:30:30]} O-O {[%clk 1:30:30]} 8. Bg5
{[%clk 1:30:30]} a5 {[%clk 1:30:30]} 9. e3 {[%clk 1:30:30]} Bd7 {[%clk 1:30:30]}
10. Qb3 {[%clk 1:30:30]} b6 {[%clk 1:30:30]} 11. Ne5 {[%clk 1:30:30]} Bd6 {[%clk
1:30:30]} 12. Bxf6 {[%clk 1:30:30]} Rxf6 {[%clk 1:30:30]} 13. cxd5 {[%clk
1:30:30]} Bxe5 {[%clk 1:30:30]} 14. dxe5 {[%clk 1:30:30]} Rh6 {[%clk 1:30:30]}
15. d6 {[%clk 1:30:30]} Na6 {[%clk 1:30:30]} 16. a3 {[%clk 1:30:30]} Nc5 {[%clk
1:30:30]} 17. Qc4 {[%clk 1:30:30]} a4 {[%clk 1:30:30]} 18. Ne2 {[%clk 1:30:30]}
g5 {[%clk 1:30:30]} 19. Nd4 {[%clk 1:30:30]} Kh8 {[%clk 1:30:30]} 20. Nxc6 {[%clk
1:30:30]} Qe8 {[%clk 1:30:30]} 21. Nd4 {[%clk 1:30:30]} Qh5 {[%clk 1:30:30]} 22.
h3 {[%clk 1:30:30]} Rc8 {[%clk 1:30:30]} 23. Rac1 {[%clk 1:30:30]} Qe8 {[%clk
1:30:30]} 24. Qe2 {[%clk 1:30:30]} Qf7 {[%clk 1:30:30]} 25. g4 {[%clk 1:30:30]}
f4 {[%clk 1:30:30]} 26. exf4 {[%clk 1:30:30]} gxf4 {[%clk 1:30:30]} 27. Qf3
{[%clk 1:30:30]} Rh4 {[%clk 1:30:30]} 28. b4 {[%clk 1:30:30]} axb3 {[%clk
1:30:30]} 29. Nxb3 {[%clk 1:30:30]} Bc6 {[%clk 1:30:30]} 30. d7 {[%clk 1:30:30]}
Bxd7 {[%clk 1:30:30]} 31. Nxc5 {[%clk 1:30:30]} bxc5 {[%clk 1:30:30]} 32. Qb7
{[%clk 1:30:30]} f3 {[%clk 1:30:30]} 33. Qxf3 {[%clk 1:30:30]} Qxf3 {[%clk
1:30:30]} 34. Bxf3 {[%clk 1:30:30]} Rxh3 {[%clk 1:30:30]} 35. Kg2 {[%clk
1:30:30]} Rh6 {[%clk 1:30:30]} 36. Rfd1 {[%clk 1:30:30]} Ba4 {[%clk 1:30:30]} 37.
Rd6 {[%clk 1:30:30]} Rg6 {[%clk 1:30:30]} 38. Kg3 {[%clk 1:30:30]} Bb3 {[%clk
1:30:30]} 39. Be4 {[%clk 1:30:30]} Rg7 {[%clk 1:30:30]} 40. f4 {[%clk 1:30:30]}
Re7 {[%clk 1:30:30]} 41. Rc3 {[%clk 1:30:30]} c4 {[%clk 1:30:30]} 42. Rb6 {[%clk
1:30:30]} Rcc7 {[%clk 1:30:30]} 43. Bc2 {[%clk 1:30:30]} Rb7 {[%clk 1:30:30]} 44.
Rb4 {[%clk 1:30:30]} Ba2 {[%clk 1:30:30]} 45. Kf3 {[%clk 1:30:30]} Kg8 {[%clk
1:30:30]} 46. Ke4 {[%clk 1:30:30]} Rg7 {[%clk 1:30:30]} 47. Rxb7 {[%clk 1:30:30]}
Rxb7 {[%clk 1:30:30]} 48. f5 {[%clk 1:30:30]} Rg7 {[%clk 1:30:30]} 49. Kf4 {[%clk
1:30:30]} Rf7 {[%clk 1:30:30]} 50. Kg5 {[%clk 1:30:30]} Rg7+ {[%clk 1:30:30]} 51.
Kf6 {[%clk 1:30:30]} Rxg4 {[%clk 1:30:30]} 52. Kxe6 {[%clk 1:30:30]} h5 {[%clk
1:30:30]} 53. f6 {[%clk 1:30:30]} Kf8 {[%clk 1:30:30]} 54. Bd1 {[%clk 1:30:30]}
Rh4 {[%clk 1:30:30]} 55. Be2 {[%clk 1:30:30]} Bb3 {[%clk 1:30:30]} 56. Kd5 {[%clk
1:30:30]} Kf7 {[%clk 1:30:30]} 57. Bxc4 {[%clk 1:30:30]} Bxc4+ {[%clk 1:30:30]}
58. Kd6 {[%clk 1:30:30]} Re4 {[%clk 1:30:30]} 59. Rg3 {[%clk 1:30:30]} Rg4 {[%clk
1:30:30]} 60. Re3 {[%clk 1:30:30]} Be6 {[%clk 1:30:30]} 61. Rc3 {[%clk 1:30:30]}
Ba2 {[%clk 1:30:30]} 62. Rc7+ {[%clk 1:30:30]} Kg6 {[%clk 1:30:30]} 63. Ke7
{[%clk 1:30:30]} Re4 {[%clk 1:30:30]} 64. Kd6 {[%clk 1:30:30]} Rd4+ {[%clk
1:30:30]} 65. Ke7 {[%clk 1:30:30]} Re4 {[%clk 1:30:30]} 66. Kd6 {[%clk 1:30:30]}
Rd4+ {[%clk 1:30:30]} 67. Ke7 {[%clk 1:30:30]} Re4 {[%clk 1:30:30]} 68. Kd6 $11
{[%clk 1:30:30]} 1/2-1/2

[Event "Irena Warakomska Memorial B"]
[Site "chessmanager.com"]
[Date "2018.08.05"]
[Round "6"]
[White "Paszkowski, Krystian"]
[Black "Wloch, Mikolaj"]
[Result "0-1"]
[Board "24"]
[WhiteElo "1609"]
[WhiteCountry "POL"]
[WhiteFideId "21853002"]
[WhiteEloChange "-6"]
[BlackElo "1738"]
[BlackCountry "POL"]
[BlackFideId "1194380"]
[BlackEloChange "6"]

1. c4 {[%clk 1:30:30]} c5 {[%clk 1:30:30]} 2. g3 {[%clk 1:30:30]} g6 {[%clk
1:30:30]} 3. Bg2 {[%clk 1:30:30]} Bg7 {[%clk 1:30:30]} 4. Nc3 {[%clk 1:30:30]}
Nc6 {[%clk 1:30:30]} 5. e3 {[%clk 1:30:30]} e6 {[%clk 1:30:30]} 6. Nge2 {[%clk
1:30:30]} Nge7 {[%clk 1:30:30]} 7. O-O {[%clk 1:30:30]} O-O {[%clk 1:30:30]} 8.
d4 {[%clk 1:30:30]} cxd4 {[%clk 1:30:30]} 9. Nxd4 {[%clk 1:30:30]} d5 {[%clk
1:30:30]} 10. cxd5 {[%clk 1:30:30]} exd5 {[%clk 1:30:30]} 11. Nb3 {[%clk
1:30:30]} Be6 {[%clk 1:30:30]} 12. Nc5 {[%clk 1:30:30]} Qb6 {[%clk 1:30:30]} 13.
Nxe6 {[%clk 1:30:30]} fxe6 {[%clk 1:30:30]} 14. Ne2 {[%clk 1:30:30]} Rac8 {[%clk
1:30:30]} 15. Bd2 {[%clk 1:30:30]} Qxb2 {[%clk 1:30:30]} 16. Bh3 {[%clk 1:30:30]}
Nf5 {[%clk 1:30:30]} 17. Nf4 {[%clk 1:30:30]} Qxa1 {[%clk 1:30:30]} 18. Qxa1
{[%clk 1:30:30]} Bxa1 {[%clk 1:30:30]} 19. Rxa1 {[%clk 1:30:30]} Rfe8 {[%clk
1:30:30]} 20. Rb1 {[%clk 1:30:30]} Ne5 {[%clk 1:30:30]} 21. Bg2 {[%clk 1:30:30]}
Rc2 {[%clk 1:30:30]} 22. Bc1 {[%clk 1:30:30]} Ng7 {[%clk 1:30:30]} 23. Bb2 {[%clk
1:30:30]} Nf7 {[%clk 1:30:30]} 24. h4 {[%clk 1:30:30]} b6 {[%clk 1:30:30]} 25.
Bxg7 {[%clk 1:30:30]} Kxg7 {[%clk 1:30:30]} 26. Bh3 {[%clk 1:30:30]} Nd8 {[%clk
1:30:30]} 27. a4 {[%clk 1:30:30]} Ra2 {[%clk 1:30:30]} 28. Bf1 {[%clk 1:30:30]}
Re7 {[%clk 1:30:30]} 29. Bb5 {[%clk 1:30:30]} Rc7 {[%clk 1:30:30]} 30. e4 {[%clk
1:30:30]} d4 {[%clk 1:30:30]} 31. e5 {[%clk 1:30:30]} Rcc2 {[%clk 1:30:30]} 32.
Nd3 {[%clk 1:30:30]} a5 {[%clk 1:30:30]} 33. Re1 {[%clk 1:30:30]} Re2 {[%clk
1:30:30]} 34. Rf1 {[%clk 1:30:30]} Red2 {[%clk 1:30:30]} 35. Rc1 {[%clk 1:30:30]}
Rac2 {[%clk 1:30:30]} 36. Re1 {[%clk 1:30:30]} Rc3 {[%clk 1:30:30]} 37. Kf1
{[%clk 1:30:30]} Rcxd3 {[%clk 1:30:30]} 38. Bxd3 {[%clk 1:30:30]} Rxd3 {[%clk
1:30:30]} 39. Re4 {[%clk 1:30:30]} Rc3 {[%clk 1:30:30]} 40. Ke2 {[%clk 1:30:30]}
Ra3 {[%clk 1:30:30]} 0-1

[Event "Irena Warakomska Memorial B"]
[Site "chessmanager.com"]
[Date "2018.08.05"]
[Round "6"]
[White "Plesiuk, Jan"]
[Black "Dryja, Szymon"]
[Result "0-1"]
[Board "25"]
[WhiteElo "1748"]
[WhiteCountry "POL"]
[WhiteFideId "1159380"]
[WhiteEloChange "-6"]
[BlackElo "1898"]
[BlackCountry "POL"]
[BlackFideId "1165160"]
[BlackEloChange "6"]

1. d4 {[%clk 1:30:30]} Nf6 {[%clk 1:30:30]} 2. Bf4 {[%clk 1:30:30]} g6 {[%clk
1:30:30]} 3. e3 {[%clk 1:30:30]} Bg7 {[%clk 1:30:30]} 4. c3 {[%clk 1:30:30]} O-O
{[%clk 1:30:30]} 5. Nd2 {[%clk 1:30:30]} d5 {[%clk 1:30:30]} 6. Bd3 {[%clk
1:30:30]} Nbd7 {[%clk 1:30:30]} 7. Ngf3 {[%clk 1:30:30]} c5 {[%clk 1:30:30]} 8.
Rc1 {[%clk 1:30:30]} c4 {[%clk 1:30:30]} 9. Bb1 {[%clk 1:30:30]} b5 {[%clk
1:30:30]} 10. e4 {[%clk 1:30:30]} dxe4 {[%clk 1:30:30]} 11. Nxe4 {[%clk 1:30:30]}
Bb7 {[%clk 1:30:30]} 12. Qe2 {[%clk 1:30:30]} Re8 {[%clk 1:30:30]} 13. Rd1 {[%clk
1:30:30]} Nd5 {[%clk 1:30:30]} 14. Bg3 {[%clk 1:30:30]} Qb6 {[%clk 1:30:30]} 15.
Ne5 {[%clk 1:30:30]} Nxe5 {[%clk 1:30:30]} 16. dxe5 {[%clk 1:30:30]} Nc7 {[%clk
1:30:30]} 17. f4 {[%clk 1:30:30]} Ne6 {[%clk 1:30:30]} 18. Qf2 {[%clk 1:30:30]}
Qxf2+ {[%clk 1:30:30]} 19. Kxf2 {[%clk 1:30:30]} Bh6 {[%clk 1:30:30]} 20. Ke3
{[%clk 1:30:30]} Rad8 {[%clk 1:30:30]} 21. h3 {[%clk 1:30:30]} Nc7 {[%clk
1:30:30]} 22. Rxd8 {[%clk 1:30:30]} Rxd8 {[%clk 1:30:30]} 23. Rf1 {[%clk
1:30:30]} Nd5+ {[%clk 1:30:30]} 24. Ke2 {[%clk 1:30:30]} b4 {[%clk 1:30:30]} 25.
Rf2 {[%clk 1:30:30]} a5 {[%clk 1:30:30]} 26. Bh2 {[%clk 1:30:30]} Bc6 {[%clk
1:30:30]} 27. g4 {[%clk 1:30:30]} Rb8 {[%clk 1:30:30]} 28. g5 {[%clk 1:30:30]}
bxc3 {[%clk 1:30:30]} 29. bxc3 {[%clk 1:30:30]} Rb2+ {[%clk 1:30:30]} 30. Kf3
{[%clk 1:30:30]} Rxb1 {[%clk 1:30:30]} 31. gxh6 {[%clk 1:30:30]} Nxc3 {[%clk
1:30:30]} 32. Rd2 {[%clk 1:30:30]} Bxe4+ {[%clk 1:30:30]} 33. Ke3 {[%clk
1:30:30]} Bd3 {[%clk 1:30:30]} 34. Kd4 {[%clk 1:30:30]} Na4 {[%clk 1:30:30]} 35.
f5 {[%clk 1:30:30]} Re1 {[%clk 1:30:30]} 36. e6 {[%clk 1:30:30]} fxe6 {[%clk
1:30:30]} 37. fxe6 {[%clk 1:30:30]} Rxe6 {[%clk 1:30:30]} 38. Be5 {[%clk
1:30:30]} Rb6 {[%clk 1:30:30]} 39. Rf2 {[%clk 1:30:30]} Bf5 {[%clk 1:30:30]} 40.
Kxc4 {[%clk 1:30:30]} e6 {[%clk 1:30:30]} 41. Rd2 {[%clk 1:30:30]} Rb4# {[%clk
1:30:30]} 0-1

[Event "Irena Warakomska Memorial B"]
[Site "chessmanager.com"]
[Date "2018.08.05"]
[Round "6"]
[White "Choinska, Debora"]
[Black "Furtak, Joanna"]
[Result "0-1"]
[Board "26"]
[WhiteElo "1555"]
[WhiteCountry "POL"]
[WhiteFideId "1185144"]
[WhiteEloChange "-2"]
[BlackElo "1948"]
[BlackCountry "POL"]
[BlackFideId "21804842"]
[BlackEloChange "2"]

1. e4 {[%clk 1:30:30]} e5 {[%clk 1:30:30]} 2. Nf3 {[%clk 1:30:30]} Nc6 {[%clk
1:30:30]} 3. c3 {[%clk 1:30:30]} d5 {[%clk 1:30:30]} 4. Qa4 {[%clk 1:30:30]} f6
{[%clk 1:30:30]} 5. Bb5 {[%clk 1:30:30]} Ne7 {[%clk 1:30:30]} 6. exd5 {[%clk
1:30:30]} Qxd5 {[%clk 1:30:30]} 7. O-O {[%clk 1:30:30]} e4 {[%clk 1:30:30]} 8.
Nd4 {[%clk 1:30:30]} Bd7 {[%clk 1:30:30]} 9. Nxc6 {[%clk 1:30:30]} Nxc6 {[%clk
1:30:30]} 10. Bc4 {[%clk 1:30:30]} Qh5 {[%clk 1:30:30]} 11. Re1 {[%clk 1:30:30]}
O-O-O {[%clk 1:30:30]} 12. b4 {[%clk 1:30:30]} Bd6 {[%clk 1:30:30]} 13. g3 {[%clk
1:30:30]} Ne5 {[%clk 1:30:30]} 14. Be2 {[%clk 1:30:30]} Nf3+ {[%clk 1:30:30]} 15.
Bxf3 {[%clk 1:30:30]} exf3 {[%clk 1:30:30]} 16. Qxa7 {[%clk 1:30:30]} Bc6 {[%clk
1:30:30]} 17. h4 {[%clk 1:30:30]} Qg4 {[%clk 1:30:30]} 18. Kh2 {[%clk 1:30:30]}
Qxh4+ {[%clk 1:30:30]} 19. Kg1 {[%clk 1:30:30]} Qh3 {[%clk 1:30:30]} 20. Qa8+
{[%clk 1:30:30]} Kd7 {[%clk 1:30:30]} 21. Qa5 {[%clk 1:30:30]} Qg2# {[%clk
1:30:30]} 0-1

[Event "Irena Warakomska Memorial B"]
[Site "chessmanager.com"]
[Date "2018.08.05"]
[Round "6"]
[White "Wielgus, Wojciech"]
[Black "Paziak, Patryk"]
[Result "1-0"]
[Board "27"]
[WhiteElo "1652"]
[WhiteCountry "POL"]
[WhiteFideId "21853118"]
[WhiteEloChange "14"]
[BlackElo "1811"]
[BlackCountry "POL"]
[BlackFideId "1168185"]
[BlackEloChange "-14"]

1. e4 {[%clk 1:30:30]} g6 {[%clk 1:30:30]} 2. d4 {[%clk 1:30:30]} Bg7 {[%clk
1:30:30]} 3. Nc3 {[%clk 1:30:30]} d6 {[%clk 1:30:30]} 4. Be3 {[%clk 1:30:30]} Nf6
{[%clk 1:30:30]} 5. f3 {[%clk 1:30:30]} O-O {[%clk 1:30:30]} 6. Qd2 {[%clk
1:30:30]} c6 {[%clk 1:30:30]} 7. h4 {[%clk 1:30:30]} b5 {[%clk 1:30:30]} 8. Nh3
{[%clk 1:30:30]} b4 {[%clk 1:30:30]} 9. Ne2 {[%clk 1:30:30]} a5 {[%clk 1:30:30]}
10. Bh6 {[%clk 1:30:30]} e5 {[%clk 1:30:30]} 11. h5 {[%clk 1:30:30]} Ra7 {[%clk
1:30:30]} 12. Nf2 {[%clk 1:30:30]} c5 {[%clk 1:30:30]} 13. Bxg7 {[%clk 1:30:30]}
Kxg7 {[%clk 1:30:30]} 14. hxg6 {[%clk 1:30:30]} fxg6 {[%clk 1:30:30]} 15. Qh6+
{[%clk 1:30:30]} Kg8 {[%clk 1:30:30]} 16. dxe5 {[%clk 1:30:30]} dxe5 {[%clk
1:30:30]} 17. Rd1 {[%clk 1:30:30]} Qe7 {[%clk 1:30:30]} 18. Qe3 {[%clk 1:30:30]}
Nc6 {[%clk 1:30:30]} 19. c3 {[%clk 1:30:30]} Be6 {[%clk 1:30:30]} 20. Nc1 {[%clk
1:30:30]} Rb8 {[%clk 1:30:30]} 21. Nfd3 {[%clk 1:30:30]} bxc3 {[%clk 1:30:30]}
22. bxc3 {[%clk 1:30:30]} c4 {[%clk 1:30:30]} 23. Nf2 {[%clk 1:30:30]} Rab7
{[%clk 1:30:30]} 24. Nh3 {[%clk 1:30:30]} Kg7 {[%clk 1:30:30]} 25. Ng5 {[%clk
1:30:30]} Bg8 {[%clk 1:30:30]} 26. Be2 {[%clk 1:30:30]} h6 {[%clk 1:30:30]} 27.
Nh3 {[%clk 1:30:30]} Nh5 {[%clk 1:30:30]} 28. Nf2 {[%clk 1:30:30]} Nf4 {[%clk
1:30:30]} 29. Kf1 {[%clk 1:30:30]} Rd7 {[%clk 1:30:30]} 30. g3 {[%clk 1:30:30]}
Rxd1+ {[%clk 1:30:30]} 31. Bxd1 {[%clk 1:30:30]} Nh5 {[%clk 1:30:30]} 32. Kg2
{[%clk 1:30:30]} Rb2 {[%clk 1:30:30]} 33. Ba4 {[%clk 1:30:30]} Nd8 {[%clk
1:30:30]} 34. Rd1 {[%clk 1:30:30]} Be6 {[%clk 1:30:30]} 35. Rd2 {[%clk 1:30:30]}
Rb7 {[%clk 1:30:30]} 36. f4 {[%clk 1:30:30]} Nf7 {[%clk 1:30:30]} 37. Ne2 {[%clk
1:30:30]} Qf6 {[%clk 1:30:30]} 38. Bc6 {[%clk 1:30:30]} Rb8 {[%clk 1:30:30]} 39.
Bd5 {[%clk 1:30:30]} Re8 {[%clk 1:30:30]} 40. Bxe6 {[%clk 1:30:30]} Qxe6 {[%clk
1:30:30]} 41. Rd5 {[%clk 1:30:30]} exf4 {[%clk 1:30:30]} 42. Qd4+ {[%clk
1:30:30]} Kg8 {[%clk 1:30:30]} 43. Nxf4 {[%clk 1:30:30]} Nxf4+ {[%clk 1:30:30]}
44. gxf4 {[%clk 1:30:30]} Rb8 {[%clk 1:30:30]} 45. Qxc4 {[%clk 1:30:30]} Rb2
{[%clk 1:30:30]} 46. Kg3 {[%clk 1:30:30]} Qb6 {[%clk 1:30:30]} 47. Rd4 {[%clk
1:30:30]} Qf6 {[%clk 1:30:30]} 48. Rd3 {[%clk 1:30:30]} h5 {[%clk 1:30:30]} 49.
a4 {[%clk 1:30:30]} h4+ {[%clk 1:30:30]} 50. Kf3 {[%clk 1:30:30]} g5 {[%clk
1:30:30]} 51. Nh3 {[%clk 1:30:30]} g4+ {[%clk 1:30:30]} 52. Kxg4 {[%clk 1:30:30]}
Rg2+ {[%clk 1:30:30]} 53. Kf3 {[%clk 1:30:30]} Rg3+ {[%clk 1:30:30]} 54. Kf2
{[%clk 1:30:30]} Rxh3 {[%clk 1:30:30]} 55. Rxh3 {[%clk 1:30:30]} Qxf4+ {[%clk
1:30:30]} 56. Rf3 {[%clk 1:30:30]} Qh2+ {[%clk 1:30:30]} 57. Ke3 {[%clk 1:30:30]}
Qg1+ {[%clk 1:30:30]} 58. Kd2 {[%clk 1:30:30]} Qg2+ {[%clk 1:30:30]} 59. Qe2
{[%clk 1:30:30]} Qg5+ {[%clk 1:30:30]} 60. Kc2 {[%clk 1:30:30]} Ne5 {[%clk
1:30:30]} 61. Rf5 {[%clk 1:30:30]} Qg3 {[%clk 1:30:30]} 62. Qd2 {[%clk 1:30:30]}
1-0

[Event "Irena Warakomska Memorial B"]
[Site "chessmanager.com"]
[Date "2018.08.05"]
[Round "6"]
[White "Warchol, Kamil"]
[Black "Wolagiewicz, Kinga"]
[Result "1-0"]
[Board "28"]
[WhiteElo "1540"]
[WhiteTitle "CM"]
[WhiteCountry "POL"]
[WhiteFideId "21858241"]
[WhiteEloChange "12"]
[BlackElo "1611"]
[BlackCountry "POL"]
[BlackFideId "1195212"]
[BlackEloChange "-12"]

1. e4 {[%clk 1:30:30]} c6 {[%clk 1:30:30]} 2. d4 {[%clk 1:30:30]} d5 {[%clk
1:30:30]} 3. e5 {[%clk 1:30:30]} Bf5 {[%clk 1:30:30]} 4. h4 {[%clk 1:30:30]} h5
{[%clk 1:30:30]} 5. c4 {[%clk 1:30:30]} e6 {[%clk 1:30:30]} 6. Nc3 {[%clk
1:30:30]} Nd7 {[%clk 1:30:30]} 7. cxd5 {[%clk 1:30:30]} cxd5 {[%clk 1:30:30]} 8.
Bd3 {[%clk 1:30:30]} Bxd3 {[%clk 1:30:30]} 9. Qxd3 {[%clk 1:30:30]} Ne7 {[%clk
1:30:30]} 10. Bg5 {[%clk 1:30:30]} Qb6 {[%clk 1:30:30]} 11. Nge2 {[%clk 1:30:30]}
Nc6 {[%clk 1:30:30]} 12. O-O {[%clk 1:30:30]} g6 {[%clk 1:30:30]} 13. Rfd1 {[%clk
1:30:30]} a6 {[%clk 1:30:30]} 14. Nf4 {[%clk 1:30:30]} Rg8 {[%clk 1:30:30]} 15.
Ncxd5 {[%clk 1:30:30]} exd5 {[%clk 1:30:30]} 16. e6 {[%clk 1:30:30]} fxe6 {[%clk
1:30:30]} 17. Re1 {[%clk 1:30:30]} Qxd4 {[%clk 1:30:30]} 18. Qh3 {[%clk 1:30:30]}
Be7 {[%clk 1:30:30]} 19. Qxe6 {[%clk 1:30:30]} O-O-O {[%clk 1:30:30]} 20. Rad1
{[%clk 1:30:30]} Qa4 {[%clk 1:30:30]} 21. Nxd5 {[%clk 1:30:30]} Bc5 {[%clk
1:30:30]} 22. Rc1 {[%clk 1:30:30]} Qd4 {[%clk 1:30:30]} 23. Be3 {[%clk 1:30:30]}
Qxh4 {[%clk 1:30:30]} 24. Rxc5 {[%clk 1:30:30]} Kb8 {[%clk 1:30:30]} 25. Qd6+
{[%clk 1:30:30]} Ka8 {[%clk 1:30:30]} 26. Nc7+ {[%clk 1:30:30]} Kb8 {[%clk
1:30:30]} 27. Nxa6+ {[%clk 1:30:30]} Ka8 {[%clk 1:30:30]} 28. Qb8+ {[%clk
1:30:30]} Ndxb8 {[%clk 1:30:30]} 29. Nc7+ {[%clk 1:30:30]} Ka7 {[%clk 1:30:30]}
30. Ra5# {[%clk 1:30:30]} 1-0

[Event "Irena Warakomska Memorial B"]
[Site "chessmanager.com"]
[Date "2018.08.05"]
[Round "6"]
[White "Szczotka, Klara"]
[Black "Rokita, Miroslaw"]
[Result "1-0"]
[Board "29"]
[WhiteElo "1483"]
[WhiteCountry "POL"]
[WhiteFideId "21858845"]
[WhiteEloChange "15"]
[BlackElo "1691"]
[BlackCountry "POL"]
[BlackFideId "1180207"]
[BlackEloChange "-15"]

1. e4 {[%clk 1:30:30]} c5 {[%clk 1:30:30]} 2. Nf3 {[%clk 1:30:30]} d6 {[%clk
1:30:30]} 3. d4 {[%clk 1:30:30]} cxd4 {[%clk 1:30:30]} 4. Nxd4 {[%clk 1:30:30]}
Nf6 {[%clk 1:30:30]} 5. Bd3 {[%clk 1:30:30]} Nc6 {[%clk 1:30:30]} 6. Nb3 {[%clk
1:30:30]} e6 {[%clk 1:30:30]} 7. Nc3 {[%clk 1:30:30]} Be7 {[%clk 1:30:30]} 8. O-O
{[%clk 1:30:30]} O-O {[%clk 1:30:30]} 9. f4 {[%clk 1:30:30]} a6 {[%clk 1:30:30]}
10. a3 {[%clk 1:30:30]} b5 {[%clk 1:30:30]} 11. Bd2 {[%clk 1:30:30]} Bb7 {[%clk
1:30:30]} 12. Qe2 {[%clk 1:30:30]} Qc7 {[%clk 1:30:30]} 13. Rae1 {[%clk 1:30:30]}
Nd7 {[%clk 1:30:30]} 14. Qg4 {[%clk 1:30:30]} Bf6 {[%clk 1:30:30]} 15. Rf3 {[%clk
1:30:30]} g6 {[%clk 1:30:30]} 16. Rh3 {[%clk 1:30:30]} Nd4 {[%clk 1:30:30]} 17.
Nxd4 {[%clk 1:30:30]} Bxd4+ {[%clk 1:30:30]} 18. Kh1 {[%clk 1:30:30]} f5 {[%clk
1:30:30]} 19. exf5 {[%clk 1:30:30]} exf5 {[%clk 1:30:30]} 20. Qg5 {[%clk
1:30:30]} Rae8 {[%clk 1:30:30]} 21. Rxe8 {[%clk 1:30:30]} Rxe8 {[%clk 1:30:30]}
22. Bxf5 {[%clk 1:30:30]} Nf8 {[%clk 1:30:30]} 23. Bd3 {[%clk 1:30:30]} Bxc3
{[%clk 1:30:30]} 24. bxc3 {[%clk 1:30:30]} Ne6 {[%clk 1:30:30]} 25. Qg3 {[%clk
1:30:30]} Qc5 {[%clk 1:30:30]} 26. Rxh7 {[%clk 1:30:30]} Kxh7 {[%clk 1:30:30]}
27. Qxg6+ {[%clk 1:30:30]} Kh8 {[%clk 1:30:30]} 28. Qh7# {[%clk 1:30:30]} 1-0